|
|
|
|
| LEADER |
01028naa a22002054a 4500 |
| 003 |
AR-BeUNQ |
| 005 |
20251222120718.0 |
| 007 |
ta |
| 008 |
251222s2017 ag 000 0 spa d |
| 999 |
|
|
|c 39980
|d 123780
|
| 040 |
|
|
|a AR-BeUNQ
|b spa
|c AR-BeUNQ
|e aacr
|
| 245 |
1 |
1 |
|a ¿Cuirizar/Cuestionar la pedagogía?
|h [recurso electrónico] :
|b o, La pedagogía es una cosa bastante cuir /
|c Susanne Luhmann.
|
| 256 |
|
|
|a Datos electrónicos (1 archivo doc)
|
| 300 |
|
|
|a recurso electrónico
|
| 500 |
|
|
|a Material digital editado con un formato accesible para uso exclusivo de personas con discapacidad.
|
| 538 |
|
|
|a Requerimientos del material: Procesador de textos y un lector de pantalla.
|
| 594 |
|
|
|a Velázquez Mackenzie, Gabriela
|b LICENCIATURA EN EDUCACIÓN
|c PEDAGOGÍA SOCIAL
|d 2025
|
| 773 |
|
|
|t Pedagogías transgresoras.
|d Santa Fé : Bocavulvaria, 2017
|g Cap. 5, p. 1-23
|
| 856 |
|
|
|z Para solicitar el texto accesible haga click aquí (sólo para personas con discapacidad)
|u https://biblio.unq.edu.ar/consulte/index.php?a=add
|
| 942 |
|
|
|c TA
|